000 00455nmm a2200169Ia 4500
008 251105s9999||||xx |||||||||||||||||und||
020 _a8495776200
041 _aspa
100 _aIrving, Washington
245 0 _aVida de Mahoma
264 _a[Madrid, España] :
_bMontesinos,
_c2002
300 _a272 páginas
490 _aNarrativa
650 _aNorth American narrative
856 _uhttps://public.digitaliapublishing.com/a/37089
942 _cCF
999 _c73979
_d73979